| 000 | 00564nam a2200205 a 4500 | ||
|---|---|---|---|
| 001 | 0187 | ||
| 005 | 20140414132017.0 | ||
| 008 | 040813s19uu xx 00 eng d | ||
| 020 | _a0-590-50493-2 | ||
| 050 |
_aTR _bC11 1998 |
||
| 100 | _aThaler, Mike | ||
| 245 |
_aCafeteria lady from the black lagoon (The) / _cby Mike Thaler ; pictures by Jared Lee. |
||
| 260 |
_aNew York : _bScholastic, _c1998. |
||
| 300 | _a 1v. : ill. ; cm. | ||
| 526 | _aSenior Prep | ||
| 650 |
_aFood _xFiction. |
||
| 650 | _aChildren stories. | ||
| 999 |
_c113390 _d113390 |
||